Gaming Quiz

Random Gaming Quiz
Score 0/14 Timer 03:00
0 Plays Today
Spirit # Spirit Name % Correct
935Glass Joe
99.1%
943King Hippo
99.1%
932Little Mac
98.4%
934Doc Louis
93.7%
937Mr. Sandman
89.7%
940Super Macho Man
86.2%
944Soda Popinski
86.2%
Spirit # Spirit Name % Correct
939Great Tiger
84.1%
936Bald Bull
83.3%
945Piston Hondo
82.5%
933Giga Mac
82.5%
941Von Kaiser
81%
942Don Flamenco
80.7%
938Bear Hugger
78.9%
Remove Ads.
Support Sporcle.
Get the best of Sporcle when you Go Orange. This ad-free experience offers more features, more stats, and more fun while also helping to support Sporcle. Thank you for becoming a member.

You're not logged in!

Compare scores with friends on all Sporcle quizzes.
OR
Log In

Show Comments

Extras

Created Dec 11, 2018ReportNominate
Tags:punch-out, Super Smash Bros

Top Quizzes Today


Score Distribution

Your Account Isn't Verified!

In order to create a playlist on Sporcle, you need to verify the email address you used during registration. Go to your Sporcle Settings to finish the process.

Report this User

Report this user for behavior that violates our Community Guidelines.

Details: